Rubber planting technology at chup rubber plantation company ការងារដាំដុះដំណាំកៅស៊ូនៅក្នុងក្រុមហ៊ុនចំការកៅស៊ូជុប (Record no. 316)

000 -LEADER
fixed length control field 00570nam a22001577a 4500
003 - CONTROL NUMBER IDENTIFIER
control field OSt
005 - DATE AND TIME OF LATEST TRANSACTION
control field 20150912150657.0
008 - FIXED-LENGTH DATA ELEMENTS--GENERAL INFORMATION
fixed length control field 150912b xxu||||| |||| 00| 0 eng d
040 ## - CATALOGING SOURCE
Transcribing agency RUA
082 ## - DEWEY DECIMAL CLASSIFICATION NUMBER
Classification number AGR THO 1997 B018 Or.1
100 ## - MAIN ENTRY--PERSONAL NAME
9 (RLIN) 338
Personal name THONR, AUN
245 ## - TITLE STATEMENT
Title Rubber planting technology at chup rubber plantation company ការងារដាំដុះដំណាំកៅស៊ូនៅក្នុងក្រុមហ៊ុនចំការកៅស៊ូជុប
260 ## - PUBLICATION, DISTRIBUTION, ETC. (IMPRINT)
Place of publication, distribution, etc. Phnom Penh
Name of publisher, distributor, etc. RUA
Date of publication, distribution, etc. 1997
300 ## - PHYSICAL DESCRIPTION
Extent 76p.
Other physical details ill.
Dimensions 29cm.
942 ## - ADDED ENTRY ELEMENTS (KOHA)
Source of classification or shelving scheme
Koha item type AGR
Holdings
Price effective from Date last seen Permanent Location Not for loan Date acquired Source of classification or shelving scheme Koha item type Lost status Withdrawn status Date last checked out Total Checkouts Shelving location Damaged status Barcode Current Location Full call number
2015-09-122015-09-12Library Block B 2015-09-12 AGR    B018 RUA005280Library Block BAGR THO 1997 B018 Or.1
2015-09-122015-09-12Library Block B 2015-09-12 AGR    B018 RUA001463Library Block BAGR THO 1997 B018 Or.2
2015-09-122023-02-27Library Block B 2015-09-12 AGR  2023-02-011B018 RUA003510Library Block BAGR THO 1997 B018 Or.3
មជ្ឈមណ្ឌលឯការនៃសាកលវិទ្យាល័យភូមិន្ទកសិកម្មចំការដូង

Powered by Koha